<La> Aspectualidad en eslovaco y en espaňol como problema linguodidáctico

Problematika slovesného vidu ako zdroja interferencií medzi slovenčinou a španielčinou.

Gespeichert in:
Bibliographische Detailangaben
1. Verfasser: Sánchez Presa, Mónica
Format: Buchkapitel
Sprache:Spanisch
Schlagworte:
Tags: Tag hinzufügen
Keine Tags, Fügen Sie das erste Tag hinzu!

MARC

LEADER 00000naa a2200000 4500
001 0166118
005 20240502072908.8
041 0 |a spa 
044 |a SK 
245 1 0 |a <La> Aspectualidad en eslovaco y en espaňol como problema linguodidáctico  |c Mónica Sánchez Presa 
520 |a Problematika slovesného vidu ako zdroja interferencií medzi slovenčinou a španielčinou. 
610 2 0 |a jazykoveda 
610 2 0 |a jazyky cudzie 
610 2 0 |a španielčina 
610 2 0 |a slovenčina 
610 2 0 |a gramatika 
100 1 |a Sánchez Presa, Mónica